| 000 | 01038nam a2200229Ia 4500 | ||
|---|---|---|---|
| 999 |
_c37524 _d37524 |
||
| 001 | 3488 | ||
| 003 | GE_BSU | ||
| 005 | 20190618161502.0 | ||
| 008 | 181216s2007||||ge |||||||||||||| ||geo|| | ||
| 040 | _cGE_BSU | ||
| 041 | _ageo | ||
| 080 | _a54(075.3) გ–63 | ||
| 100 |
_aგოლდფარბი ი. _92555 |
||
| 245 |
_aამოცანებისა და სავარჯიშოების კრებული ქიმიაში : _bმე-8-10 კლასებისათვის / _cი.ლ. გოლდფარბი, ი.ვ. ხოდაკოვი, ი.ბ. დოდონოვი. |
||
| 264 |
_aთბილისი : _bგანათლება, _c1983. |
||
| 300 |
_a225გვ.ილ. : _b ილ. ; _c22სმ. |
||
| 653 | _aქიმია | ||
| 653 | _aამოცანების კრებულები | ||
| 700 |
_aხოდაკოვი, ი.ვ. _eავტორი _92556 |
||
| 700 |
_aდოდონოვი, ი.ბ. _eავტორი _92557 |
||
| 942 |
_cBK _2udc |
||